[Event "CZE-chT2B 1819"]
[Site "Czech Republic"]
[Date "2018.10.14"]
[Round "1.3"]
[White "Holy, Filip"]
[Black "Parizek, Vojtech"]
[Result "0-1"]
[WhiteElo "2083"]
[BlackElo "2277"]
[PlyCount "42"]
[EventDate "2018.10.14"]
[EventType "team-tourn"]
[EventRounds "11"]
[EventCountry "CZE"]
[SourceTitle "EXT 2022"]
[Source "ChessBase"]
[SourceDate "2021.10.06"]
[SourceVersion "1"]
[SourceVersionDate "2021.10.06"]
[SourceQuality "1"]
[WhiteTeam "Most Chess"]
[BlackTeam "Kobylisy"]
[WhiteTeamCountry "CZE"]
[BlackTeamCountry "CZE"]

1. d4 Nf6 2. c4 g6 3. Nc3 Bg7 4. e4 d6 5. Be2 0-0 6. Nf3 e5 7. 0-0 Nc6 8. d5 Ne7 9. Ne1 Nd7 10. Nd3 f5 11. exf5 Nxf5 12. Bd2 Nf6 13. b4 Nd4 14. Be3 Bf5 15. Rc1 a5 16. a3 axb4 17. axb4 Kh8 18. Bxd4 exd4 19. Nb5 Ne4 20. Ne1 Ra2 21. Nxd4 Rd2 0-1

[Event "Pardubice op rapid 29th"]
[Site "Pardubice"]
[Date "2018.07.18"]
[Round "3"]
[White "Holy, Filip"]
[Black "Rosko, Lubos"]
[Result "1/2-1/2"]
[WhiteElo "2057"]
[BlackElo "2279"]
[PlyCount "133"]
[EventDate "2018.07.18"]
[EventType "swiss (rapid)"]
[EventRounds "9"]
[EventCountry "CZE"]
[SourceTitle "CBM 185 Extra"]
[Source "ChessBase"]
[SourceDate "2018.07.29"]
[SourceVersion "1"]
[SourceVersionDate "2018.07.29"]
[SourceQuality "1"]

1. d4 Nf6 2. c4 g6 3. Nc3 d5 4. Nf3 Bg7 5. Bg5 Ne4 6. Bh4 Nxc3 7. bxc3 c5 8. e3 Nc6 9. Bd3 dxc4 10. Bxc4 cxd4 11. cxd4 0-0 12. 0-0 b6 13. Qe2 Bb7 14. Ba6 Qc8 15. Bxb7 Qxb7 16. Rab1 e6 17. Bg3 Rac8 18. Rfc1 Na5 19. Be5 Rxc1+ 20. Rxc1 Rc8 21. Rc2 f6 22. Bg3 Bf8 23. Qd1 Rxc2 24. Qxc2 Qc6 25. Ne1 Kf7 26. Qxc6 Nxc6 27. Nd3 Ne7 28. Kf1 Nd5 29. Bb8 a6 30. Ba7 b5 31. Bc5 a5 32. Ke1 Bxc5 33. Nxc5 Ke7 34. Kd2 Nb4 35. a4 bxa4 36. Nxa4 e5 37. dxe5 fxe5 38. Kc3 Kd6 39. e4 Kc6 40. Nb2 Kc5 41. Na4+ Kb5 42. Nb2 a4 43. Nc4 Nc6 44. g3 g5 45. Nd6+ Kc5 46. Nf7 g4 47. Nh6 Na7 48. Nxg4 Nb5+ 49. Kc2 Kd4 50. Nf6 h6 51. f4 Na3+ 52. Kc1 Nc4 53. Ng4 exf4 54. gxf4 h5 55. Nf6 a3 56. Kb1 h4 57. e5 Ke3 58. e6 Kxf4 59. e7 Nd6 60. e8Q Nxe8 61. Nxe8 Kg4 62. Ng7 h3 63. Ne6 Kf3 64. Ng5+ Kg2 65. Nxh3 Kxh2 66. Ka2 Kxh3 67. Kxa3 1/2-1/2

[Event "Prague Holiday M31"]
[Site "Prague"]
[Date "2017.08.01"]
[Round "4"]
[White "Holy, Filip"]
[Black "Brejnik, Gustav"]
[Result "1-0"]
[WhiteElo "2007"]
[BlackElo "2031"]
[PlyCount "53"]
[EventDate "2017.07.30"]
[EventType "tourn"]
[EventRounds "9"]
[EventCountry "CZE"]
[SourceTitle "EXT 2023"]
[Source "ChessBase"]
[SourceDate "2022.10.05"]
[SourceVersion "1"]
[SourceVersionDate "2022.10.05"]
[SourceQuality "1"]

1. d4 Nf6 2. Nf3 e6 3. a3 d5 4. e3 c5 5. b3 Nc6 6. Bb2 Bd6 7. dxc5 Bxc5 8. b4 Bd6 9. c4 0-0 10. Nc3 a5 11. b5 Ne7 12. cxd5 exd5 13. Be2 Bg4 14. Nd4 Bxe2 15. Ncxe2 Ne4 16. Ng3 Bxg3 17. hxg3 Qd7 18. Qh5 h6 19. 0-0 Rfc8 20. Rfd1 Nf6 21. Qf3 Ng6 22. Nf5 Ne4 23. Bxg7 Re8 24. Bd4 Kh7 25. Qh5 Nh8 26. f3 Nd6 27. Nxd6 1-0

[Event "CZE-chT rap"]
[Site "Pardubice"]
[Date "2017.07.13"]
[Round "1.3"]
[White "Simacek, Pavel"]
[Black "Holy, Filip"]
[Result "1-0"]
[WhiteElo "2498"]
[BlackElo "2007"]
[PlyCount "57"]
[EventDate "2017.07.13"]
[EventType "team-swiss"]
[EventRounds "7"]
[EventCountry "CZE"]
[SourceTitle "EXT 2018"]
[Source "ChessBase"]
[SourceDate "2017.10.13"]
[SourceVersion "1"]
[SourceVersionDate "2017.10.13"]
[SourceQuality "1"]
[WhiteTeam "Turnov Zikuda"]
[BlackTeam "Pohodari"]
[WhiteTeamCountry "CZE"]
[BlackTeamCountry "CZE"]

1. e4 c6 2. Nc3 d5 3. d4 dxe4 4. Nxe4 Nf6 5. Nxf6+ exf6 6. c3 Bd6 7. Bd3 Be6 8. Ne2 Qc7 9. Ng3 Nd7 10. Ne4 Be7 11. Qf3 c5 12. Bf4 Qc6 13. Qg3 g5 14. Bd2 c4 15. Bc2 h6 16. f4 f5 17. Nf2 0-0-0 18. 0-0-0 Nb6 19. Rde1 Rd5 20. fxg5 hxg5 21. Bxg5 Rg8 22. h4 f6 23. Qe3 fxg5 24. Qxe6+ Qxe6 25. Rxe6 Kd7 26. Rhe1 Bd6 27. h5 Bg3 28. Re7+ Kd8 29. h6 1-0

[Event "Klatovy op 22nd"]
[Site "Klatovy"]
[Date "2016.07.08"]
[Round "7"]
[White "Holy, Filip"]
[Black "Miesbauer, Jan"]
[Result "0-1"]
[WhiteElo "1977"]
[BlackElo "2321"]
[PlyCount "64"]
[EventDate "2016.07.02"]
[EventType "swiss"]
[EventRounds "9"]
[EventCountry "CZE"]
[SourceTitle "CBM 173 Extra"]
[Source "ChessBase"]
[SourceDate "2016.08.29"]
[SourceVersion "1"]
[SourceVersionDate "2016.08.29"]
[SourceQuality "1"]

1. e4 e6 2. d4 d5 3. Nc3 Nf6 4. e5 Nfd7 5. f4 c5 6. Nf3 Nc6 7. Be3 Be7 8. Be2 0-0 9. 0-0 b6 10. Qe1 f6 11. exf6 Nxf6 12. Kh1 Ng4 13. Bg1 Rxf4 14. Qg3 Bd6 15. dxc5 Bb8 16. cxb6 axb6 17. Qe1 Bb7 18. Rd1 Qe8 19. Bb5 Qg6 20. Bd3 Qf6 21. a3 Nce5 22. Nxe5 Bxe5 23. Rxf4 Bxf4 24. h3 Ne5 25. Bf1 Ng6 26. Bxb6 Rf8 27. Bg1 Be5 28. Bh2 Nf4 29. a4 Qf5 30. Kg1 d4 31. Ne2 Nxh3+ 32. gxh3 Qf3 0-1

[Event "Klatovy op 22nd"]
[Site "Klatovy"]
[Date "2016.07.05"]
[Round "4"]
[White "Holy, Filip"]
[Black "Lhotsky, Zdenek"]
[Result "1/2-1/2"]
[WhiteElo "1977"]
[BlackElo "1853"]
[PlyCount "39"]
[EventDate "2016.07.02"]
[EventType "swiss"]
[EventRounds "9"]
[EventCountry "CZE"]
[SourceTitle "CBM 173 Extra"]
[Source "ChessBase"]
[SourceDate "2016.08.29"]
[SourceVersion "1"]
[SourceVersionDate "2016.08.29"]
[SourceQuality "1"]

1. e4 c5 2. Nf3 d6 3. Bb5+ Bd7 4. Bxd7+ Nxd7 5. 0-0 Ngf6 6. Qe2 e6 7. Nc3 Be7 8. d3 0-0 9. Ng5 h6 10. Nh3 e5 11. f4 exf4 12. Nxf4 Ne5 13. Be3 Neg4 14. Bd2 Rc8 15. Rf3 Re8 16. Rg3 Ne5 17. Rf1 Bf8 18. Nfd5 Nxd5 19. Nxd5 Re6 20. Qh5 1/2-1/2

[Event "CZE-chT2A 1415"]
[Site "Czech Republic"]
[Date "2015.03.15"]
[Round "9.6"]
[White "Simecek, Josef"]
[Black "Holy, Filip"]
[Result "1/2-1/2"]
[WhiteElo "1906"]
[BlackElo "1849"]
[PlyCount "88"]
[EventDate "2014.11.02"]
[EventType "team-tourn"]
[EventRounds "11"]
[EventCountry "CZE"]
[SourceTitle "EXT 2022"]
[Source "ChessBase"]
[SourceDate "2021.10.06"]
[SourceVersion "1"]
[SourceVersionDate "2021.10.06"]
[SourceQuality "1"]
[WhiteTeam "Pisek"]
[BlackTeam "Plzen Letna"]
[WhiteTeamCountry "CZE"]
[BlackTeamCountry "CZE"]

1. e4 c5 2. b3 e6 3. Bb2 a6 4. f4 Nc6 5. a4 d6 6. Nf3 Nf6 7. Bd3 Nb4 8. Qe2 Be7 9. 0-0 Nxd3 10. Qxd3 b6 11. Nc3 Bb7 12. Rae1 0-0 13. Qe2 d5 14. exd5 Nxd5 15. Nxd5 Qxd5 16. d3 Rfe8 17. Qf2 Qd8 18. Qg3 Bf6 19. Bxf6 Qxf6 20. Ne5 Rad8 21. Ng4 Qg6 22. Qh3 f6 23. Rxe6 Rxe6 24. f5 Qg5 25. fxe6 Bc8 26. Re1 Re8 27. Qf3 Rxe6 28. Rxe6 Qc1+ 29. Kf2 Bxe6 30. Ne3 Qd2+ 31. Qe2 Qxe2+ 32. Kxe2 Kf7 33. Kf3 Ke7 34. Ke4 Kd6 35. g4 g6 36. h4 b5 37. axb5 axb5 38. Kf4 Bd7 39. Nd1 Kd5 40. c3 b4 41. Ne3+ Kd6 42. cxb4 cxb4 43. Nc2 Be6 44. Nxb4 Bxb3 1/2-1/2